000 00440nam a22001695i 4500
999 _c12358
_d12358
003 OSt
005 20240117100214.0
008 230504s2022 ii 000 0 eng
020 _a9789383184613
042 _alcode
082 _a720.92
245 0 0 _aSen Kapadia architect :
_bin pursuance of meanings.
300 _a163 pages
906 _a7
_bpar
_corigode
_d3
_encip
_f20
_gy-gencatlg
942 _2ddc